European public law
Đã lưu trong:
| Tác giả chính: | |
|---|---|
| Định dạng: | Sách |
| Ngôn ngữ: | Undetermined |
| Được phát hành: |
London, UK
Butterworths LexisNexis
2003
|
| Những chủ đề: | |
| Các nhãn: |
Thêm thẻ
Không có thẻ, Là người đầu tiên thẻ bản ghi này!
|
| Thư viện lưu trữ: | Trung tâm Học liệu Trường Đại học Cần Thơ |
|---|
| LEADER | 00535nam a2200205Ia 4500 | ||
|---|---|---|---|
| 001 | CTU_117890 | ||
| 008 | 210402s9999 xx 000 0 und d | ||
| 020 | |c 56.96 | ||
| 082 | |a 342.24 | ||
| 082 | |b B619 | ||
| 100 | |a Birkinshaw, Patrick | ||
| 245 | 0 | |a European public law | |
| 245 | 0 | |c Patrick Birkinshaw | |
| 260 | |a London, UK | ||
| 260 | |b Butterworths LexisNexis | ||
| 260 | |c 2003 | ||
| 650 | |a public law | ||
| 650 | |z European Union countries | ||
| 904 | |i Minh | ||
| 980 | |a Trung tâm Học liệu Trường Đại học Cần Thơ | ||